00956cam a2200253 i 450000100060000000300080000600500170001400800410003103500190007204000320009104100080012308200180013124500760014926000540022530000210027949000370030050000840033765000460042165000430046770000260051094200120053699900170054895201370056522506BD-RjUL20211209000820.0140308r19571954nyu 000 0 eng d a(BD-RjUL)22571 aDLCcDLCdDLCdBD-RjULbeng aeng00a809bPOI 195710aPoints of view :bA Selection of Provocatove Prose /cby Alderton Pink. aNew York :bArno Press,c, c1954 [Reprinted 1957] a183 p. ;c23 cm.1 aThe works of W. Somerset Maugham aReprint of the ed. published by Doubleday, Garden City, N.Y. ; with new introd. 0aLiteraturexHistory and criticism.969501 0aFictionxHistory and criticism.969502 a Pin, Alderton969503 2ddccBK c22506d22506 00102ddc40708NFICaRUCLbRUCLcStackd1966-05-06eAustralia Gov. Giftl0o809 POI 1957r2014-03-08 00:00:00tC-2w2014-03-08yBK